[Event "DEN-chT 0506"]
[Site "Denmark"]
[Date "2005.11.20"]
[Round "3.2"]
[White "Sorensen, Jan"]
[Black "Christensen, Jan Schleicher"]
[Result "1/2-1/2"]
[WhiteElo "2416"]
[BlackElo "2243"]
[PlyCount "26"]
[EventDate "2005.11.05"]
[EventType "team-tourn"]
[EventRounds "9"]
[EventCountry "DEN"]
[SourceTitle "EXT 2023"]
[Source "ChessBase"]
[SourceDate "2022.10.05"]
[SourceVersion "1"]
[SourceVersionDate "2022.10.05"]
[SourceQuality "1"]
[WhiteTeam "Skolerne"]
[BlackTeam "Nordre"]
[WhiteTeamCountry "DEN"]
[BlackTeamCountry "DEN"]

1. e4 e5 2. Bc4 Nf6 3. d3 Bc5 4. Nc3 c6 5. Nf3 d6 6. h3 0-0 7. Bb3 Be6 8. 0-0 Nbd7 9. Ne2 Bxb3 10. axb3 d5 11. Ng3 Re8 12. Qe2 Nf8 13. Be3 Bb6 1/2-1/2

[Event "DEN-chT 0405"]
[Site "Denmark"]
[Date "2004.11.07"]
[Round "2.2"]
[White "Christensen, Jan Schleicher"]
[Black "Aagaard, Jacob"]
[Result "1/2-1/2"]
[WhiteElo "2249"]
[BlackElo "2459"]
[PlyCount "28"]
[EventDate "2004.11.06"]
[EventType "team-tourn"]
[EventRounds "7"]
[EventCountry "DEN"]
[SourceTitle "EXT 2023"]
[Source "ChessBase"]
[SourceDate "2022.10.05"]
[SourceVersion "1"]
[SourceVersionDate "2022.10.05"]
[SourceQuality "1"]
[WhiteTeam "Nordre"]
[BlackTeam "Helsingor"]
[WhiteTeamCountry "DEN"]
[BlackTeamCountry "DEN"]

1. d4 Nf6 2. Nf3 e6 3. e3 c5 4. Bd3 b6 5. 0-0 Bb7 6. c4 Be7 7. Nc3 h6 8. b3 0-0 9. Bb2 d6 10. Bc2 Nbd7 11. d5 exd5 12. cxd5 Ba6 13. Re1 Re8 14. a4 Ne5 1/2-1/2